Sports Quiz

Random Sports or Letter Quiz

England Caps A-Z Quiz Stats

 Plays Quiz not verified by Sporcle

Support Sporcle.
Go Orange.
Score 0/26 Timer 12:00
0 Plays Today
Letter Player % Correct
BDavid Beckham
94.7%
GSteven Gerrard
91.6%
SPeter Shilton
88.9%
CBobby Charlton
84.2%
LFrank Lampard
84.2%
TJohn Terry
78.9%
FRio Ferdinand
77.9%
OMichael Owen
77.4%
MBobby Moore
74.7%
JDavid James
68.4%
NGary Neville
68.4%
WBilly Wright
66.8%
YAshley Young
65.8%
Letter Player % Correct
ATony Adams
64.2%
RBryan Robson
60%
UMatthew Upson
58.9%
IPaul Ince
57.9%
HEmile Heskey
52.6%
KKevin Keegan
50.5%
ZBobby Zamora
48.4%
VDarius Vassell
45.3%
PStuart Pearce
39.5%
HEmlyn Hughes
31.1%
QAlbert Quixall
9.5%
EGeorge Eastham
7.4%
DJimmy Dickinson
4.7%

You're not logged in!

Compare scores with friends on all Sporcle quizzes.
OR
Log In

From the Vault

Remove Ads.
Support Sporcle.
Get the best of Sporcle when you Go Orange. This ad-free experience offers more features, more stats, and more fun while also helping to support Sporcle. Thank you for becoming a member.

Show Comments

Extras

Top Quizzes Today


Score Distribution

Your Account Isn't Verified!

In order to create a playlist on Sporcle, you need to verify the email address you used during registration. Go to your Sporcle Settings to finish the process.

Report this User

Report this user for behavior that violates our Community Guidelines.

Details: